Autoevaluación y acreditación de las carreras de la Universidad de Costa Rica /

El artículo presenta una síntesis de la evolución de los procesos de autoevaluación en la Universidad de Costa Rica y la vinculación con la acreditación de carreras y programas. Se ofrecen algunos elementos tanto sobre caracterización de la autoevaluación que se asume en la Institución como del Sist...

Celý popis

Uloženo v:
Podrobná bibliografie
Hlavní autor: Barrantes Rodríguez, Aura
Médium: Text
Témata:
Tagy: Přidat tag
Žádné tagy, Buďte první, kdo vytvoří štítek k tomuto záznamu!

MARC

LEADER 00000 a a2200000 04500
001 15255
003
040
100 |a Barrantes Rodríguez, Aura  
245 |a Autoevaluación y acreditación de las carreras de la Universidad de Costa Rica /  |c Aura Barrantes Rodríguez 
520 |a El artículo presenta una síntesis de la evolución de los procesos de autoevaluación en la Universidad de Costa Rica y la vinculación con la acreditación de carreras y programas. Se ofrecen algunos elementos tanto sobre caracterización de la autoevaluación que se asume en la Institución como del Sistema Nacional de Acreditación de la Educación Superior, ente acreditador promovido por el Consejo Nacional de Rectores. También se incluyen consideraciones generales respecto a ambos procesos  
650 |a ENSEÑANZA SUPERIOR  
650 |a EVALUACION  
650 |a UNIVERSIDAD DE COSTA RICA  
650 |a PROGRAMA DE ESTUDIOS  
773 |g número 92 -93; páginas 77-91  
999 |c 25041  |d 25041 
773 0 |0 18728  |9 3044  |a Universidad de Costa Rica  |d San José, Costa Rica Editorial UCR 1956-  |o 17102  |t Revista de Ciencias Sociales/  |x 04825276